000 00658nam a2200241Ia 4500
003 OSt
005 20221007102926.0
006 a|||||r|||| 00| 0
007 ta
008 221006b |||||||| |||| 00| 0 eng d
024 _a11,769
037 _cTextual
040 _aLCO
_cLCO
_beng
041 _2eng
_aeng
082 _aV1:5, N1
100 _aBhalla S.L.
245 0 _aHuman Rights
_b An Institutional Framweork for Implementation
260 _aDelhi
_bDocta Shelf Publications India
_c1991
300 _a237
700 _a Docta S.
_9704761
942 _hV1:5, N1
_cTEXL
999 _c1181332
_d1181332